000 01574cam a22004094i 4500
003 PE-LiUPU
005 20250731172953.0
008 150623s r 000 0 d
035 _a(Sirsi) a21490
040 _aPE-LiUPU
_bspa
_cPE-LiUPU
_erda
082 0 4 _a232.6
_bS42
_221
100 1 _aSerrano G., Abel Cirino,
_eautor.
245 1 0 _aSeñales finales /
_cAbel Cirino Serrano.
264 1 _aMayagüez, Puerto Rico :
_bAntillian College Press,
_c1996.
300 _a187 páginas ;
_c21.5 cm.
336 _atext
_2rdacontent
337 _aunmediated
_2rdamedia
338 _avolume
_2rdacarrier
505 0 _aUnión de las iglesias. -Las leyes dominicales. -Primera parte de la persecución. -Derramamiento del Espíritu Santo. -Fin de la predicación del evangelio. -Cierre de gracia. -Gran persecución o tiempo de angustia. -Caen las siete últimas plagas. -Principio de la liberación. -Segunda venida.
526 _aSEG42
526 _aSEG41
526 _aSEG40
526 _aSEG39
526 _aP94
526 _aP87
526 _aP86
526 _aP85
526 _aP77
526 _aP76
526 _aP35
650 0 4 _aSegundo advenimiento.
942 _2ddc
_cBOOK
949 _a232.6 S42
_wDEWEY
_c1
_i45074
_lCCODEBUL1
_mBUL
_p00.00
_r0
_sY
_tBOOK
_u2015-06-24
_xTEOLOGIA
_PP35
_0COMPRA
_o.STAFF. Colección General
596 _a1
999 _a232.6 S42
_wDEWEY
_c21958
_i45074
_f2022-4-21
_g5
_lCCODEBUL1
_mBUL
_r1
_sY
_tBOOK
_u2015-6-24
_xTEOLOGIA
_PP35
_0COMPRA
_o.STAFF. Colección General
_d21958
980 _81
_gALBERTO SANCHEZ Responsable de Automatización